Mzdová a personálna práca - sankcie
Dozor inšpektorátov práce nad dodržiavaním predpisov v oblasti pracovnoprávnych vzťahov. Ukladanie pokút v prípade tzv. správnych deliktov. Sankcie - nedodržiavanie povinností ustanovených zákonom o dani z príjmov. Sankcie zamestnávateľov v sociálnom poistení. Sankcie v zdravotnom poistení.
Na minha lista:
| Autor principal: | |
|---|---|
| Formato: | Capítulo de Livro |
| Idioma: | eslovaco |
| Assuntos: | |
| Tags: |
Sem tags, seja o primeiro a adicionar uma tag!
|
MARC
| LEADER | 00000naa a2200000 4500 | ||
|---|---|---|---|
| 001 | 0247098 | ||
| 005 | 20180823085257.5 | ||
| 041 | 0 | |a slo | |
| 044 | |a SK | ||
| 245 | 1 | 0 | |a Mzdová a personálna práca - sankcie |c Ján Mintál |
| 520 | |a Dozor inšpektorátov práce nad dodržiavaním predpisov v oblasti pracovnoprávnych vzťahov. Ukladanie pokút v prípade tzv. správnych deliktov. Sankcie - nedodržiavanie povinností ustanovených zákonom o dani z príjmov. Sankcie zamestnávateľov v sociálnom poistení. Sankcie v zdravotnom poistení. | ||
| 610 | 2 | 0 | |a zamestnávatelia |
| 610 | 2 | 0 | |a povinnosti zamestnávateľov |
| 610 | 2 | 0 | |a inšpekcia štátna |
| 610 | 2 | 0 | |a kontrola |
| 610 | 2 | 0 | |a vzťahy pracovnoprávne |
| 610 | 2 | 0 | |a práca personálna |
| 610 | 2 | 0 | |a pokuty |
| 610 | 2 | 0 | |a sankcie |
| 610 | 2 | 0 | |a dane z príjmov |
| 610 | 2 | 0 | |a poistenie sociálne |
| 610 | 2 | 0 | |a poistenie zdravotné |
| 610 | 2 | 0 | |a poistné |
| 610 | 2 | 0 | |a odvody |
| 100 | 1 | |a Mintál, Ján | |